000 00737nam a2200205Ia 4500
008 250715s2025 sp 100 0 spa d
041 _aspa
110 2 _aCCOO
_bConfederación Sindical
_bCongreso
_n13º
_d2025
_cMadrid
_938954
245 1 0 _aRespuestas
_b: guía del congreso : 13 congreso confederal
260 _aMadrid :
_bConfederación Sindical de Comisiones Obreras,
_c2025
300 _a20 p. ;
_c30 cm
650 _aCCOO
_960
650 0 _aSINDICATO
_9208
650 0 _aSINDICALISMO
_9189
650 _aCONFERENCIA
_9311
650 _aDOCUMENTO DE CONFERENCIA
_9310
710 2 _aCCOO
_bConfederación Sindical
_927927
856 _zPDF
_uhttps://docpublicos.ccoo.es/cendoc/071675Guia13CongresoCCOO.pdf
942 _cDOCU_ELEC
_2ddc
_n0
999 _c62779
_d62779